📖 150 premiers mots "Celle qu'il attendait" Baptiste Beaulieu - Statistiques

Statistiques générales
  • Ce quiz a Ă©tĂ© pris 13 fois
  • Le rĂ©sultat moyen est 81 sur 150
Statistiques - réponses
Mots % Correct
1. Eugénie
100%
Ă 
100%
d'
100%
de
100%
Des
100%
elle
100%
Eugénie
100%
Eugénie D.,
100%
il
100%
Il
100%
l'
100%
la
100%
le
100%
N'
100%
Paris.
100%
qu'
100%
s'
100%
Un
100%
un
100%
une
100%
avec
90%
C'
90%
c'
90%
et
90%
Joséphin
90%
pas
90%
que
90%
du
80%
en
80%
est
80%
sa
80%
y
80%
au
70%
avait-
70%
cette...
70%
cette
70%
était
70%
femme,
70%
femme
70%
femme ?
70%
homme
70%
jour
70%
mais
70%
ne
70%
Plus
70%
jeune
60%
rencontre
60%
se
60%
ses
60%
dont
50%
mĂȘme
50%
chose,
40%
dire,
40%
mi-
40%
quelque
40%
dur
30%
main
30%
Oui,
30%
train
30%
centre
20%
entrée
20%
gare
20%
grosse
20%
hommes,
20%
lors
20%
noir.
20%
puis
20%
puis ...
20%
rĂȘve
20%
robe
20%
souvenait
20%
tard,
20%
cailloux
10%
dos,
10%
Ensuite
10%
force
10%
pierre
10%
poésie,
10%
rĂȘva
10%
ronde
10%
traits.
10%
user,
10%
ventre
10%
vĂȘtue
10%
agenouillait,
0%
arĂšne
0%
armées
0%
béton
0%
brutes
0%
essaierait
0%
étrange
0%
formes
0%
frapperait
0%
fugace.
0%
gestes
0%
image,
0%
jaune,
0%
larmes
0%
levait
0%
long
0%
menaçants.
0%
moindre
0%
monologue,
0%
paraissait
0%
poussaient
0%
pressées
0%
réciter
0%
remémorer
0%
résonance
0%
semblait
0%
sombre.
0%
songe
0%
tenant
0%
toile
0%
Aucun quiz correspondant
Distribution des résultats
% des personnes avec chaque résultat
Percentile par nombre de réponses
Votre historique - résultats
Vous n’avez pas pris ce quiz